Thành ngữ anh việt = Idoms english
Uloženo v:
| Hlavní autor: | |
|---|---|
| Médium: | Kniha |
| Jazyk: | Undetermined |
| Vydáno: |
Thành phố Hồ Chí Minh
Văn hóa Sài gòn
2006
|
| Témata: | |
| Tagy: |
Přidat tag
Žádné tagy, Buďte první, kdo otaguje tento záznam!
|
| Thư viện lưu trữ: | Trung tâm Học liệu Trường Đại học Cần Thơ |
|---|
| LEADER | 00631nam a2200217Ia 4500 | ||
|---|---|---|---|
| 001 | CTU_123643 | ||
| 008 | 210402s9999 xx 000 0 und d | ||
| 020 | |c 29000 | ||
| 082 | |a 428.24 | ||
| 082 | |b Ph513 | ||
| 100 | |a Bùi, Phụng | ||
| 245 | 0 | |a Thành ngữ anh việt = | |
| 245 | 0 | |b Idoms english | |
| 245 | 0 | |c Bùi Phụng | |
| 260 | |a Thành phố Hồ Chí Minh | ||
| 260 | |b Văn hóa Sài gòn | ||
| 260 | |c 2006 | ||
| 650 | |a English language,English language | ||
| 650 | |x Idioms,Textbooks for foreign speakers | ||
| 904 | |i Nguyên | ||
| 980 | |a Trung tâm Học liệu Trường Đại học Cần Thơ | ||